00585nam a22001937a 450000500170000001000370001702000260005403500140008003500170009403700210011103700130013208200120014510000220015724500500017926000380022927000810026730000210034850000220036920180626142700.0 a1718EN-30ENG-122260 B-689256-284 a9788186782834c500.00 aEN-105792 aB-689256-284 bLiterary Circle  bDBAD/PUB a615.538 aGaur, Vaidya B.L. aUnderstanding Ayurveda /cby Vaidya B.L. Gaur aJaipurbPublication Scheme c2017 aC-14, FF. Opp. Khandelwal Girl College Sansar Chandra Raod, bJaipure302001 a246p.c21cm(pbk) aIt includes index